000 00478nam a2200193 a 4500
001 1763019238099
003 YourLibrary
005 20251114111525.0
008 251113s1998##################000#0#eng##
020 _a9781873410745
082 0 4 _a895.635STA
100 1 _aStarrs, Roy,
_eauthor.
245 1 0 _aSoundings in Time :
260 _bPsychology Press,
_c1998.
300 _a264 pages
650 0 _aArt.
942 _cENGLISH
040 _aYourLibrary
_beng
_cYourLibrary
999 _c597488
_d597488